Most Guessed Countries in Every Language - Statistics

General Stats
  • This quiz has been taken 301 times
    257 since last reset
  • The average score is 361 of 424
Answer Stats
Afrikaans hi % Correct
Finland
94%
France Hungarian | Persian
94%
United Kingdom
94%
United States Catalan | Maltese | Russian
94%
Sweden
93%
Germany
92%
Italy Luxembourgish
92%
Norway
92%
Russia Greek | Serbian | Welsh
92%
China Japanese | Samoan
91%
Greece
91%
India Indonesian | Polish
91%
Spain
91%
Japan Bulgarian | Korean
90%
Mexico Lithuanian | Romanian | Vietnamese
90%
Canada 36 countries | Italian | Portuguese | Turkish
89%
Australia 17 countries | Danish | Spanish
88%
Indonesia
88%
Netherlands N/A
88%
Turkey
88%
Brazil Icelandic | Norwegian | Slovak | all countries
87%
Egypt Dutch | Tagalog
87%
Iran
87%
Serbia
87%
Denmark
86%
Poland
86%
South Korea
86%
Portugal
85%
Argentina Bengali | Thai
84%
Belgium
84%
Estonia
84%
Iraq Hebrew
84%
Ireland
84%
Romania
84%
Israel
83%
Slovakia
83%
Vietnam
83%
Hungary
82%
Iceland
82%
Thailand
82%
Bulgaria Slovene
81%
Croatia
81%
Latvia
81%
Lithuania
81%
Ukraine
81%
Czech Republic
79%
Samoa
79%
Algeria Estonian
78%
Morocco Galician
78%
Pakistan
77%
Slovenia
77%
Philippines
76%
Colombia
74%
Malta
74%
Austria
73%
Chile Swedish
73%
Laos
73%
Malaysia
72%
Congo, Haiti, Lesotho
71%
Bangladesh Latin
70%
Bosnia and Herzegovina
69%
Libya French
69%
Myanmar
69%
Peru Arabic
69%
Syria Finnish
68%
Cambodia
67%
Afghanistan
66%
Tunisia English
65%
Albania
64%
D. R. Congo
63%
Niger
63%
Sudan
60%
Cuba
59%
Oman German
59%
Moldova
58%
Mongolia
56%
Bolivia
53%
Republic of the Congo
53%
Ecuador Croatian
51%
Panama
51%
Paraguay Czech
47%
Chad
46%
Haiti
45%
Angola
42%
Tanzania
40%
Kiribati
36%
Vanuatu
36%
Bhutan
35%
Bahamas
28%
Honduras
28%
Suriname
26%
Cameroon
23%
No matching quizzes found
Score Distribution
Percent of People with Each Score
Percentile by Number Answered
Your Score History
You have not taken this quiz since the last reset